000 00689nam a2200241Ia 4500
003 OSt
005 20220928123919.0
006 a|||||r|||| 00| 0
007 ta
008 220927b |||||||| |||| 00| 0 eng d
024 _a67825
037 _cTextual
040 _aSDCL
_cSDCL
_beng
041 _2eng
_aeng
082 _aO-,3N:g, P4
100 _aGoodheart Eugene
_9462180
245 0 _aNoval practices
_b Classics modern fiction
260 _aNew Brunswic
_bTransaction Publishers
_c2004
300 _axv,217p
_ccm.
650 _aEnglish Fiction-20th Century-Criticism
_9404393
942 _hO-,3N:g, P4
_cTEXL
_2CC
999 _c775186
_d775186